00977cam a2200229 i 4500001000500000005001700005020001800022040006300040050001400103082001100117100001700128245006200145250003500207260003200242300004000274490002300314520023600337650005100573655003900624655004600663700003800709130020240206150437.0 a9781407104294 aUKMbengcUKMdOCLCGdOCLCQdOCLCOdOCLCFdOCLCQdDLCerda00aDA375.D3704a941.061 aDeary, Terry10aSlimy Stuarts cDeary, Terry Illustrated by Brown, Martin aThis edition published in 2007 bScholastic,aLondon :c1971 a140 pages :billustrations ;c20 cm1 aHorrible histories aReaders can discover all the foul facts about the SLIMY STUARTS, including why some slimy Stuarts ate toads, snails and fleas, which king picked his nose and never washed his hands and why people wore fish on their feet (bleeugh!). 7aManners and customs.2fast0(OCoLC)fst01007815 7aHistory.2fast0(OCoLC)fst01411628 7aJuvenile works.2fast0(OCoLC)fst014116371 aBrown, Martind1959-eillustrator